• AIU
  • Tony Wilmot Memorial Library

Barbarian Europe, (Record no. 58319)

MARC details
000 -LEADER
fixed length control field 01252cam a22003011 4500
001 - CONTROL NUMBER
control field 1703503
003 - CONTROL NUMBER IDENTIFIER
control field OSt
005 - DATE AND TIME OF LATEST TRANSACTION
control field 20140115093732.0
008 - FIXED-LENGTH DATA ELEMENTS--GENERAL INFORMATION
fixed length control field 850730s1968 nyuab j b 000 0 eng
010 ## - LIBRARY OF CONGRESS CONTROL NUMBER
LC control number 68019229
040 ## - CATALOGING SOURCE
Original cataloging agency DLC
Transcribing agency DLC
Modifying agency DLC
042 ## - AUTHENTICATION CODE
Authentication code lcac
050 00 - LIBRARY OF CONGRESS CALL NUMBER
Classification number D117
Item number .S55
082 00 - DEWEY DECIMAL CLASSIFICATION NUMBER
Classification number 940.1
100 1# - MAIN ENTRY--PERSONAL NAME
Personal name Simons, Gerald.
9 (RLIN) 23996
245 10 - TITLE STATEMENT
Title Barbarian Europe,
Statement of responsibility, etc by Gerald Simons and the editors of Time-Life Books.
260 ## - PUBLICATION, DISTRIBUTION, ETC. (IMPRINT)
Place of publication, distribution, etc New York,
Name of publisher, distributor, etc Time-Life Books
Date of publication, distribution, etc [1968]
300 ## - PHYSICAL DESCRIPTION
Extent 192 p.
Other physical details illus. (part col.), col. maps.
Dimensions 28 cm.
490 1# - SERIES STATEMENT
Series statement Great ages of man; a history of the world's culture
504 ## - BIBLIOGRAPHY, ETC. NOTE
Bibliography, etc Bibliography: p. 186.
520 ## - SUMMARY, ETC.
Summary, etc A six-hundred-year history of medieval Europe, covering the spread of Christianity to barbaric tribes; the rise of parliamentary government and the stabilization of nation states; the development of court and jury justice; the revival and expansion of trade; the growth of towns, feudal life, and education; and the new trends in art and architecture.
650 #0 - SUBJECT ADDED ENTRY--TOPICAL TERM
Topical term or geographic name as entry element Middle Ages.
9 (RLIN) 23997
650 #1 - SUBJECT ADDED ENTRY--TOPICAL TERM
Topical term or geographic name as entry element Middle Ages.
9 (RLIN) 23998
710 2# - ADDED ENTRY--CORPORATE NAME
Corporate name or jurisdiction name as entry element Time-Life Books.
9 (RLIN) 23999
830 #0 - SERIES ADDED ENTRY--UNIFORM TITLE
Uniform title Great ages of man.
9 (RLIN) 24000
906 ## - LOCAL DATA ELEMENT F, LDF (RLIN)
a 7
b cbc
c orignew
d u
e ocip
f 19
g y-gencatlg
942 ## - ADDED ENTRY ELEMENTS (KOHA)
Source of classification or shelving scheme Library of Congress Classification
Koha item type Books
Holdings
Withdrawn status Lost status Source of classification or shelving scheme Damaged status Not for loan Collection code Home library Current library Shelving location Date acquired Source of acquisition Cost, normal purchase price Total Checkouts Full call number Barcode Date last seen Copy number Price effective from Koha item type
    Library of Congress Classification     General Circulation AIU/NEGST - Tony Wilmot Memorial Library AIU/NEGST - Tony Wilmot Memorial Library General Stacks 01/15/2014 Donation 40.00   D 117.S55 1968 R36028X3232 09/02/2019 1 01/15/2014 Books